Statistics for Countries with Multiple Populous Islands

Click here to take the quiz!

General Stats

  • This quiz has been taken 33,720 times
  • The average score is 7 of 8

Answer Stats

# IslandsCountry% Correct
12Indonesia
96%
5Japan
93%
3United States
91%
2United Kingdom
89%
9Philippines
85%
5China
76%
2New Zealand
74%
2Italy
62%

Score Distribution

Percentile by Number Answered

Percent of People with Each Score

Your Score History

You have not taken this quiz